000
00339nam a22001457a 4500
020
_a
9788189757296
082
_a
621.3822 SON
100
_a
Soni .K.M
245
_a
Signal and system
260
_a
New Delhi
_b
S.K.Kataria & Sons
_c
2006
300
_a
350
_b
P.B
650
_a
Signal and system
700
_a
K.M.Soni
942
_c
BK
999
_c
490601
_d
490601